[Event "Prestwick Airport Major"]
[Site "Prestwick"]
[Date "2011.05.14"]
[Round "3"]
[White "Monaghan, Mark"]
[Black "Pearson, Walter"]
[Result "1-0"]
[WhiteElo "1675"]
[BlackElo "1505"]
[PlyCount "131"]
[EventDate "2011.05.13"]
[EventType "swiss"]
[EventRounds "5"]
[EventCountry "SCO"]
[SourceTitle "EXT 2023"]
[Source "ChessBase"]
[SourceDate "2022.10.05"]
[SourceVersion "1"]
[SourceVersionDate "2022.10.05"]
[SourceQuality "1"]

1. d4 Nf6 2. c4 c5 3. dxc5 Na6 4. Nc3 e6 5. Nf3 Bxc5 6. e3 0-0 7. Bd3 Nb4 8. Bb1 d5 9. a3 Nc6 10. b4 Be7 11. c5 b6 12. b5 Na5 13. c6 a6 14. a4 Qc7 15. 0-0 Ra7 16. Nd4 Bb4 17. Na2 Bc5 18. Nb3 Nxb3 19. Qxb3 axb5 20. axb5 e5 21. Bb2 Be6 22. Qd1 Rfa8 23. Nc3 Rxa1 24. Bxa1 g6 25. Bb2 d4 26. Ne4 Nxe4 27. Bxe4 dxe3 28. fxe3 Bxe3+ 29. Kh1 Bc4 30. Rf3 Bd4 31. Bxd4 exd4 32. Bd3 Bd5 33. Rf2 Qa7 34. h3 Qa1 35. Qxa1 Rxa1+ 36. Kh2 Rd1 37. Bc2 Ra1 38. Rd2 Ra2 39. c7 Bb7 40. Be4 Rxd2 41. Bxb7 Rc2 42. c8Q+ Rxc8 43. Bxc8 Kf8 44. Kg1 Ke7 45. Kf2 Kd6 46. Bb7 f5 47. Ke2 Kc5 48. Bc6 Kc4 49. Kd2 g5 50. Bd7 g4 51. h4 f4 52. Bxg4 Kxb5 53. Kd3 Kc5 54. Ke4 b5 55. Kxf4 b4 56. Be6 h6 57. g4 Kd6 58. Bc4 Kc5 59. Bb3 Kd6 60. Ke4 d3 61. Kxd3 Ke5 62. Ke3 Kf6 63. Kf4 Kg6 64. Ke5 h5 65. g5 Kg7 66. Kf5 1-0